Lange's handbook of chemistry. (Record no. 184)

MARC details
000 -LEADER
fixed length control field 00899nac a22003011u 4500
010 ## -
-- 84643191
020 ## - INTERNATIONAL STANDARD BOOK NUMBER
International Standard Book Number 0071432205
022 0# -
-- 0748-4585
035 ## - SYSTEM CONTROL NUMBER
System control number (OCoLC)ocm02307440
082 0# - DEWEY DECIMAL CLASSIFICATION NUMBER
Classification number 540.5
090 ## - LOCALLY ASSIGNED LC-TYPE CALL NUMBER (OCLC); LOCAL CALL NUMBER (OCLC)
-- 184
100 ## - MAIN ENTRY--PERSONAL NAME
Personal name 20080729
245 00 - TITLE STATEMENT
Title Lange's handbook of chemistry.
246 30 - VARYING FORM OF TITLE
Title proper/short title Handbook of chemistry
250 ## - EDITION STATEMENT
Edition statement 16th ed.
260 ## -
-- New York :
-- McGraw-Hill,2005
-- 2005
300 ## - PHYSICAL DESCRIPTION
Extent 1v. :
Other physical details ill. ;
Dimensions 24 cm.
336 ## - CONTENT TYPE
Source rdacontent
Content type term text
Content type code txt
337 ## - MEDIA TYPE
Media type term unmediated
Source rdamedia
Media type code n
338 ## - CARRIER TYPE
Carrier type term volume
Carrier type code nc
Source rdacarrier
500 ## - GENERAL NOTE
General note Editor: 11th ed.- J.A. Dean.
500 ## - GENERAL NOTE
General note Formerly compiled and edited by: N.A. Lange.
650 #0 - SUBJECT ADDED ENTRY--TOPICAL TERM
Topical term or geographic name as entry element Chemistry
700 1# - ADDED ENTRY--PERSONAL NAME
Personal name Speight, James G.
700 1# - ADDED ENTRY--PERSONAL NAME
Personal name Lange, Norbert Adolph,
Dates associated with a name 1892-1970.
856 41 - ELECTRONIC LOCATION AND ACCESS
Uniform Resource Identifier <a href="http://www.knovel.com/knovel2/Toc.jsp?BookID=47">http://www.knovel.com/knovel2/Toc.jsp?BookID=47</a>
942 ## - ADDED ENTRY ELEMENTS (KOHA)
Koha item type NB - Book (Non borrowing)
Call number prefix 540.5
Classification part RDA-MOD
Holdings
Withdrawn status Lost status Source of classification or shelving scheme Damaged status Not for loan Home library Current library Shelving location Date acquired Source of acquisition Total Checkouts Full call number Barcode Date last seen Cost, replacement price Koha item type
    Dewey Decimal Classification     Central Library Central Library First floor 09/02/2006 Purchase   540.5 LAN 000004545 15/07/2025 1200.00 NB - Book (Non borrowing)